[Event "ODJM C 2024"]
[Site "Willingen GER"]
[Date "2024.05.19"]
[Round "2"]
[White "Piotrowski, Jaro"]
[Black "Wilting, Oskar"]
[Result "0-1"]
[Termination "normal"]
[Board "13"]
[WhiteElo "1223"]
[BlackElo "1503"]
[WhiteClock "01:35:36"]
[BlackClock "01:19:42"]
[PlyCount "138"]
[WhiteFideId "34664629"]
[BlackFideId "34640053"]
[EventCountry "GER"]
[EventRounds "9"]
[EventType "swiss"]
[EventDate "2024.05.18"]

1. d4 {[%clk 01:30:58]} {[%emt 00:00:01]} Nf6 {[%clk 01:30:54]} {[%emt
00:00:06]} 2. Nc3 {[%clk 01:31:03]} {[%emt 00:00:25]} d5 {[%clk 01:31:12]}
{[%emt 00:00:13]} 3. Nf3 {[%clk 01:30:57]} {[%emt 00:00:35]} Bf5 {[%clk
01:31:05]} {[%emt 00:00:37]} 4. Bf4 {[%clk 01:31:07]} {[%emt 00:00:19]} e6
{[%clk 01:30:57]} {[%emt 00:00:40]} 5. e3 {[%clk 01:31:21]} {[%emt 00:00:13]}
Nc6 {[%clk 01:31:15]} {[%emt 00:00:15]} 6. Bb5 {[%emt 00:01:41]} Bd6 {[%clk
01:30:16]} {[%emt 00:00:24]} 7. Bxd6 {[%clk 01:30:46]} {[%emt 00:00:58]} Qxd6
{[%clk 01:30:32]} {[%emt 00:00:14]} 8. Ne5 {[%clk 01:30:21]} {[%emt 00:00:56]}
O-O {[%clk 01:30:37]} {[%emt 00:00:26]} 9. Nf3 {[%clk 01:30:06]} {[%emt
00:00:44]} a6 {[%clk 01:29:43]} {[%emt 00:01:26]} 10. Bd3 {[%clk 01:30:16]}
{[%emt 00:00:19]} Ne7 {[%clk 01:29:51]} {[%emt 00:00:21]} 11. h3 {[%clk
01:29:59]} {[%emt 00:00:45]} c5 {[%clk 01:29:47]} {[%emt 00:00:36]} 12. dxc5
{[%clk 01:29:52]} {[%emt 00:00:37]} Qxc5 {[%clk 01:29:45]} {[%emt 00:00:32]}
13. O-O {[%clk 01:30:11]} {[%emt 00:00:10]} Bxd3 {[%clk 01:29:31]} {[%emt
00:00:45]} 14. Qxd3 {[%clk 01:30:17]} {[%emt 00:00:23]} Nc6 {[%clk 01:29:44]}
{[%emt 00:00:19]} 15. e4 {[%clk 01:29:37]} {[%emt 00:01:08]} Nb4 {[%clk
01:29:34]} {[%emt 00:00:40]} 16. Qe2 {[%clk 01:29:37]} {[%emt 00:00:28]} Nxe4
{[%clk 01:28:33]} {[%emt 00:01:34]} 17. Nxe4 {[%clk 01:29:49]} {[%emt
00:00:18]} dxe4 {[%clk 01:28:51]} {[%emt 00:00:13]} 18. Qxe4 {[%clk 01:29:56]}
{[%emt 00:00:22]} Nxc2 {[%clk 01:29:06]} {[%emt 00:00:15]} 19. Rac1 {[%clk
01:30:15]} {[%emt 00:00:11]} Rac8 {[%clk 01:28:42]} {[%emt 00:00:54]} 20. h4
{[%clk 01:29:51]} {[%emt 00:00:54]} Qb4 {[%clk 01:28:44]} {[%emt 00:00:27]} 21.
Qd3 {[%clk 01:29:49]} {[%emt 00:00:33]} Qxb2 {[%clk 01:28:07]} {[%emt
00:01:07]} 22. Ng5 {[%clk 01:30:11]} {[%emt 00:00:08]} g6 {[%clk 01:27:43]}
{[%emt 00:00:54]} 23. Ne4 {[%clk 01:30:19]} {[%emt 00:00:22]} Qd4 {[%clk
01:27:26]} {[%emt 00:00:48]} 24. Qxd4 {[%clk 01:29:09]} {[%emt 00:01:39]} Nxd4
{[%clk 01:27:43]} {[%emt 00:00:13]} 25. Rxc8 {[%clk 01:29:26]} {[%emt
00:00:13]} Rxc8 {[%clk 01:27:31]} {[%emt 00:00:42]} 26. Nd6 {[%clk 01:29:49]}
{[%emt 00:00:07]} Ne2+ {[%clk 01:25:36]} {[%emt 00:02:25]} 27. Kh2 {[%clk
01:30:06]} {[%emt 00:00:13]} Rc1 {[%clk 01:24:56]} {[%emt 00:01:10]} 28. Rxc1
{[%clk 01:30:22]} {[%emt 00:00:12]} Nxc1 {[%clk 01:25:18]} {[%emt 00:00:09]}
29. Nxb7 {[%clk 01:30:51]} {[%emt 00:00:02]} Nxa2 {[%clk 01:25:37]} {[%emt
00:00:12]} 30. Nc5 {[%clk 01:31:13]} {[%emt 00:00:07]} Nb4 {[%clk 01:25:16]}
{[%emt 00:00:51]} 31. g4 {[%clk 01:31:06]} {[%emt 00:00:37]} Kf8 {[%clk
01:24:25]} {[%emt 00:01:20]} 32. Kg3 {[%clk 01:31:33]} {[%emt 00:00:04]} Ke7
{[%clk 01:24:40]} {[%emt 00:00:14]} 33. Kf4 {[%clk 01:31:35]} {[%emt 00:00:28]}
f6 {[%clk 01:23:28]} {[%emt 00:01:42]} 34. f3 {[%clk 01:31:50]} {[%emt
00:00:15]} e5+ {[%clk 01:22:26]} {[%emt 00:01:31]} 35. Ke4 {[%clk 01:32:09]}
{[%emt 00:00:12]} Kd6 {[%clk 01:22:32]} {[%emt 00:00:24]} 36. Nb7+ {[%clk
01:32:34]} {[%emt 00:00:05]} Kc6 {[%clk 01:22:22]} {[%emt 00:00:39]} 37. Nd8+
{[%clk 01:32:56]} {[%emt 00:00:09]} Kb6 {[%clk 01:20:13]} {[%emt 00:02:39]} 38.
Ne6 {[%clk 01:33:10]} {[%emt 00:00:15]} a5 {[%clk 01:19:05]} {[%emt 00:01:39]}
39. Nf8 {[%clk 01:33:37]} {[%emt 00:00:03]} a4 {[%clk 01:18:46]} {[%emt
00:00:49]} 40. Nxg6 {[%clk 01:33:35]} {[%emt 00:00:33]} hxg6 {[%clk 01:18:51]}
{[%emt 00:00:24]} 41. h5 {[%clk 01:33:58]} {[%emt 00:00:07]} a3 {[%clk
01:18:21]} {[%emt 00:01:00]} 42. hxg6 {[%clk 01:34:19]} {[%emt 00:00:08]} a2
{[%clk 01:18:21]} {[%emt 00:00:30]} 43. g7 {[%clk 01:34:46]} {[%emt 00:00:04]}
a1=Q {[%clk 01:18:36]} {[%emt 00:00:15]} 44. g8=Q {[%clk 01:35:02]} {[%emt
00:00:11]} Qd4+ {[%clk 01:18:38]} {[%emt 00:00:30]} 45. Kf5 {[%clk 01:35:11]}
{[%emt 00:00:22]} Qf4+ {[%clk 01:18:39]} {[%emt 00:00:28]} 46. Kg6 {[%clk
01:35:26]} {[%emt 00:00:15]} Qg5 {[%clk 01:18:33]} {[%emt 00:00:36]} 47. Kf7
{[%clk 01:35:43]} {[%emt 00:00:14]} Qxg8+ {[%clk 01:18:49]} {[%emt 00:00:14]}
48. Kxg8 {[%clk 01:36:03]} {[%emt 00:00:10]} Nd5 {[%clk 01:18:56]} {[%emt
00:00:22]} 49. Kf7 {[%clk 01:36:22]} {[%emt 00:00:12]} Kc5 {[%clk 01:19:04]}
{[%emt 00:00:22]} 50. Ke6 {[%clk 01:36:42]} {[%emt 00:00:09]} Kd4 {[%clk
01:19:01]} {[%emt 00:00:34]} 51. Kf5 {[%clk 01:36:51]} {[%emt 00:00:21]} Ke3
{[%clk 01:19:12]} {[%emt 00:00:20]} 52. Ke6 {[%clk 01:36:44]} {[%emt 00:00:36]}
Kxf3 {[%clk 01:19:17]} {[%emt 00:00:25]} 53. Kxd5 {[%clk 01:37:03]} {[%emt
00:00:12]} Kxg4 {[%clk 01:19:38]} {[%emt 00:00:08]} 54. Ke4 {[%clk 01:36:40]}
{[%emt 00:00:54]} f5+ {[%clk 01:18:56]} {[%emt 00:01:12]} 55. Ke3 {[%clk
01:37:08]} {[%emt 00:00:02]} f4+ {[%clk 01:19:03]} {[%emt 00:00:22]} 56. Kf2
{[%clk 01:37:31]} {[%emt 00:00:07]} e4 {[%clk 01:18:52]} {[%emt 00:00:40]} 57.
Ke2 {[%clk 01:37:52]} {[%emt 00:00:10]} Kg3 {[%clk 01:18:53]} {[%emt 00:00:29]}
58. Kf1 {[%clk 01:38:05]} {[%emt 00:00:17]} e3 {[%clk 01:18:38]} {[%emt
00:00:44]} 59. Ke1 {[%clk 01:38:21]} {[%emt 00:00:12]} Kg2 {[%clk 01:18:52]}
{[%emt 00:00:18]} 60. Ke2 {[%clk 01:38:46]} {[%emt 00:00:05]} f3+ {[%clk
01:19:04]} {[%emt 00:00:19]} 61. Ke1 {[%emt 00:01:24]} f2+ {[%emt 00:00:17]}
62. Ke2 {[%emt 00:00:08]} f1=Q+ {[%emt 00:00:15]} 63. Kxe3 {[%emt 00:00:06]}
Qc4 {[%emt 00:00:24]} 64. Kd2 {[%clk 01:36:16]} {[%emt 00:00:26]} Qb3 {[%clk
01:19:20]} {[%emt 00:00:14]} 65. Ke2 {[%emt 00:00:12]} Qc3 {[%emt 00:00:10]}
66. Kd1 {[%emt 00:00:43]} Qb2 {[%emt 00:00:32]} 67. Ke1 {[%clk 01:34:58]}
{[%emt 00:00:10]} Kf3 {[%clk 01:19:32]} {[%emt 00:00:17]} 68. Kd1 {[%clk
01:35:16]} {[%emt 00:00:13]} Ke3 {[%clk 01:19:50]} {[%emt 00:00:12]} 69. Ke1
{[%clk 01:35:36]} {[%emt 00:00:07]} Qc1# {[%clk 01:19:42]} {[%emt 00:00:09]}
0-1

[Event "ODJM C 2024"]
[Site "Willingen GER"]
[Date "2024.05.19"]
[Round "2"]
[White "Nguyen, Oliver Dung"]
[Black "von Gehlen, Samuel"]
[Result "1/2-1/2"]
[Termination "normal"]
[Board "14"]
[WhiteElo "1017"]
[BlackElo "1510"]
[WhiteClock "01:22:12"]
[BlackClock "01:29:18"]
[PlyCount "40"]
[WhiteFideId "34664190"]
[BlackFideId "34651551"]
[EventCountry "GER"]
[EventRounds "9"]
[EventType "swiss"]
[EventDate "2024.05.18"]

1. e4 {[%clk 01:30:58]} {[%emt 00:00:01]} c6 {[%clk 01:30:19]} {[%emt
00:00:41]} 2. Nf3 {[%clk 01:31:21]} {[%emt 00:00:06]} d5 {[%clk 01:30:45]}
{[%emt 00:00:05]} 3. Nc3 {[%clk 01:31:47]} {[%emt 00:00:04]} dxe4 {[%clk
01:30:55]} {[%emt 00:00:20]} 4. Nxe4 {[%clk 01:32:12]} {[%emt 00:00:06]} Nf6
{[%clk 01:31:18]} {[%emt 00:00:06]} 5. Qe2 {[%clk 01:32:37]} {[%emt 00:00:06]}
Nxe4 {[%clk 01:31:33]} {[%emt 00:00:15]} 6. Qxe4 {[%clk 01:32:53]} {[%emt
00:00:14]} Nd7 {[%clk 01:32:01]} {[%emt 00:00:03]} 7. Bc4 {[%clk 01:33:16]}
{[%emt 00:00:08]} Nf6 {[%clk 01:32:12]} {[%emt 00:00:17]} 8. Ne5 {[%clk
01:33:38]} {[%emt 00:00:08]} e6 {[%clk 01:32:30]} {[%emt 00:00:13]} 9. Qe2
{[%clk 01:34:02]} {[%emt 00:00:06]} b5 {[%clk 01:32:53]} {[%emt 00:00:08]} 10.
Bb3 {[%clk 01:34:27]} {[%emt 00:00:05]} Bb7 {[%clk 01:31:59]} {[%emt 00:01:23]}
11. c3 {[%clk 01:34:29]} {[%emt 00:00:28]} Bd6 {[%clk 01:30:50]} {[%emt
00:01:40]} 12. d4 {[%clk 01:33:52]} {[%emt 00:01:07]} O-O {[%clk 01:30:11]}
{[%emt 00:01:09]} 13. Bg5 {[%clk 01:34:12]} {[%emt 00:00:10]} Bxe5 {[%emt
00:00:35]} 14. dxe5 {[%emt 00:00:07]} h6 {[%clk 01:29:43]} {[%emt 00:00:15]}
15. exf6 {[%clk 01:27:39]} {[%emt 00:07:04]} hxg5 {[%clk 01:29:54]} {[%emt
00:00:18]} 16. fxg7 {[%clk 01:28:01]} {[%emt 00:00:09]} Kxg7 {[%clk 01:30:07]}
{[%emt 00:00:15]} 17. O-O {[%clk 01:27:05]} {[%emt 00:01:27]} Rh8 {[%clk
01:29:43]} {[%emt 00:00:54]} 18. Rad1 {[%clk 01:26:49]} {[%emt 00:00:47]} Qc7
{[%clk 01:29:51]} {[%emt 00:00:21]} 19. g3 {[%clk 01:24:02]} {[%emt 00:03:17]}
a6 {[%clk 01:29:18]} {[%emt 00:01:04]} 20. Qg4 {[%clk 01:22:12]} {[%emt
00:02:20]} Kf6 {[%emt 00:03:14]} 1/2-1/2

[Event "ODJM C 2024"]
[Site "Willingen GER"]
[Date "2024.05.19"]
[Round "2"]
[White "Yarmish, Kyryl"]
[Black "Berger, Jennifer"]
[Result "1-0"]
[Termination "normal"]
[Board "15"]
[WhiteElo "1707"]
[BlackElo "1462"]
[WhiteClock "00:30:24"]
[BlackClock "01:09:23"]
[PlyCount "81"]
[WhiteFideId "34691880"]
[BlackFideId "34630074"]
[EventCountry "GER"]
[EventRounds "9"]
[EventType "swiss"]
[EventDate "2024.05.18"]

1. Nf3 {[%clk 01:30:56]} {[%emt 00:00:03]} d5 {[%clk 01:30:49]} {[%emt
00:00:12]} 2. g3 {[%clk 01:31:02]} {[%emt 00:00:23]} Nc6 {[%clk 01:30:47]}
{[%emt 00:00:32]} 3. d4 {[%clk 01:31:03]} {[%emt 00:00:29]} Bg4 {[%clk
01:31:04]} {[%emt 00:00:14]} 4. Bg2 {[%clk 01:30:54]} {[%emt 00:00:38]} Bxf3
{[%clk 01:30:56]} {[%emt 00:00:38]} 5. Bxf3 {[%emt 00:00:18]} Nf6 {[%emt
00:00:53]} 6. O-O {[%clk 01:29:12]} {[%emt 00:01:01]} e5 {[%clk 01:30:49]}
{[%emt 00:00:38]} 7. dxe5 {[%clk 01:28:17]} {[%emt 00:01:23]} Nxe5 {[%clk
01:30:50]} {[%emt 00:00:30]} 8. Bg2 {[%clk 01:28:17]} {[%emt 00:00:30]} Bc5
{[%clk 01:30:45]} {[%emt 00:00:34]} 9. Nd2 {[%clk 01:27:31]} {[%emt 00:01:16]}
O-O {[%clk 01:30:50]} {[%emt 00:00:27]} 10. e4 {[%clk 01:25:24]} {[%emt
00:02:37]} dxe4 {[%clk 01:30:30]} {[%emt 00:00:49]} 11. Nxe4 {[%clk 01:25:22]}
{[%emt 00:00:32]} Nxe4 {[%clk 01:30:30]} {[%emt 00:00:30]} 12. Bxe4 {[%clk
01:25:01]} {[%emt 00:00:50]} c6 {[%clk 01:30:24]} {[%emt 00:00:38]} 13. Qh5
{[%clk 01:21:34]} {[%emt 00:03:55]} f5 {[%clk 01:26:49]} {[%emt 00:04:07]} 14.
Bxf5 {[%clk 01:17:49]} {[%emt 00:04:15]} h6 {[%clk 01:26:28]} {[%emt 00:00:51]}
15. Be6+ {[%clk 01:17:20]} {[%emt 00:00:59]} Kh8 {[%clk 01:25:48]} {[%emt
00:01:07]} 16. Qxe5 {[%clk 01:17:03]} {[%emt 00:00:50]} Bb6 {[%clk 01:25:34]}
{[%emt 00:00:40]} 17. Bh3 {[%clk 01:13:42]} {[%emt 00:03:55]} Bd4 {[%clk
01:25:22]} {[%emt 00:00:41]} 18. Qe4 {[%clk 01:12:06]} {[%emt 00:02:07]} Qd6
{[%clk 01:25:00]} {[%emt 00:00:53]} 19. c3 {[%clk 01:10:39]} {[%emt 00:01:58]}
Bb6 {[%clk 01:24:52]} {[%emt 00:00:37]} 20. Bf4 {[%clk 01:09:59]} {[%emt
00:01:10]} Qf6 {[%clk 01:20:56]} {[%emt 00:04:26]} 21. Qc2 {[%clk 01:01:41]}
{[%emt 00:08:48]} Rad8 {[%clk 01:20:48]} {[%emt 00:00:35]} 22. Rae1 {[%clk
00:59:01]} {[%emt 00:03:13]} Rfe8 {[%clk 01:20:26]} {[%emt 00:00:52]} 23. Bg2
{[%clk 00:53:08]} {[%emt 00:06:23]} Bc5 {[%clk 01:18:05]} {[%emt 00:02:50]} 24.
Be3 {[%clk 00:52:24]} {[%emt 00:01:14]} Bd6 {[%clk 01:17:27]} {[%emt 00:01:08]}
25. Bxa7 {[%clk 00:50:42]} {[%emt 00:02:11]} c5 {[%clk 01:15:13]} {[%emt
00:02:45]} 26. b4 {[%clk 00:47:20]} {[%emt 00:03:51]} cxb4 {[%clk 01:10:33]}
{[%emt 00:05:12]} 27. cxb4 {[%clk 00:46:31]} {[%emt 00:01:18]} Bxb4 {[%clk
01:10:33]} {[%emt 00:00:31]} 28. Rxe8+ {[%clk 00:46:40]} {[%emt 00:00:21]} Rxe8
{[%clk 01:10:53]} {[%emt 00:00:10]} 29. Be3 {[%clk 00:45:28]} {[%emt 00:01:43]}
b6 {[%clk 01:10:53]} {[%emt 00:00:30]} 30. Qb3 {[%clk 00:43:57]} {[%emt
00:02:00]} Ba5 {[%clk 01:11:02]} {[%emt 00:00:21]} 31. Rc1 {[%clk 00:36:58]}
{[%emt 00:07:28]} Rb8 {[%clk 01:10:37]} {[%emt 00:00:52]} 32. Rc6 {[%clk
00:35:09]} {[%emt 00:02:22]} Qa1+ {[%clk 01:10:17]} {[%emt 00:00:49]} 33. Bf1
{[%clk 00:33:59]} {[%emt 00:01:41]} Rd8 {[%clk 01:10:33]} {[%emt 00:00:14]} 34.
Bxb6 {[%clk 00:32:17]} {[%emt 00:02:13]} Bxb6 {[%clk 01:08:15]} {[%emt
00:02:49]} 35. Rxb6 {[%clk 00:32:24]} {[%emt 00:00:23]} Rd1 {[%clk 01:08:35]}
{[%emt 00:00:08]} 36. Rb8+ {[%clk 00:31:48]} {[%emt 00:01:07]} Kh7 {[%clk
01:08:59]} {[%emt 00:00:06]} 37. Qg8+ {[%clk 00:31:29]} {[%emt 00:00:49]} Kg6
{[%clk 01:09:15]} {[%emt 00:00:13]} 38. Qe6+ {[%clk 00:29:53]} {[%emt
00:02:06]} Kg5 {[%clk 01:08:47]} {[%emt 00:00:50]} 39. Rb5+ {[%clk 00:29:46]}
{[%emt 00:00:44]} Rd5 {[%clk 01:08:58]} {[%emt 00:01:11]} 40. Rxd5+ {[%clk
00:30:01]} {[%emt 00:00:22]} Qe5 {[%clk 01:09:23]} {[%emt 00:00:08]} 41. Rxe5#
{[%clk 00:30:24]} {[%emt 00:00:06]} 1-0

[Event "ODJM C 2024"]
[Site "Willingen GER"]
[Date "2024.05.19"]
[Round "2"]
[White "Betz, Niclas"]
[Black "Michaelis, Leon"]
[Result "1-0"]
[Termination "normal"]
[Board "16"]
[WhiteElo "1658"]
[BlackElo "917"]
[WhiteClock "01:16:38"]
[BlackClock "01:10:14"]
[PlyCount "75"]
[WhiteFideId "34616748"]
[BlackFideId "34660542"]
[EventCountry "GER"]
[EventRounds "9"]
[EventType "swiss"]
[EventDate "2024.05.18"]

1. e4 {[%clk 01:30:58]} {[%emt 00:00:02]} e5 {[%clk 01:30:59]} {[%emt
00:00:02]} 2. Nf3 {[%clk 01:31:17]} {[%emt 00:00:10]} Nc6 {[%emt 00:00:25]} 3.
Bc4 {[%emt 00:00:36]} Bc5 {[%clk 01:30:14]} {[%emt 00:00:13]} 4. Nc3 {[%clk
01:31:35]} {[%emt 00:00:12]} d6 {[%clk 01:30:28]} {[%emt 00:00:16]} 5. d3
{[%clk 01:31:55]} {[%emt 00:00:10]} Nf6 {[%clk 01:30:38]} {[%emt 00:00:20]} 6.
Bg5 {[%clk 01:32:22]} {[%emt 00:00:03]} Bg4 {[%clk 01:30:44]} {[%emt 00:00:25]}
7. Nd5 {[%clk 01:32:44]} {[%emt 00:00:08]} Nd4 {[%clk 01:30:23]} {[%emt
00:00:50]} 8. c3 {[%clk 01:31:32]} {[%emt 00:01:42]} Nxf3+ {[%clk 01:30:07]}
{[%emt 00:00:46]} 9. gxf3 {[%clk 01:32:00]} {[%emt 00:00:02]} Bh5 {[%clk
01:30:08]} {[%emt 00:00:30]} 10. b4 {[%clk 01:32:15]} {[%emt 00:00:15]} Bb6
{[%clk 01:30:23]} {[%emt 00:00:14]} 11. Nxf6+ {[%clk 01:32:07]} {[%emt
00:00:38]} gxf6 {[%clk 01:30:24]} {[%emt 00:00:29]} 12. Bh4 {[%clk 01:32:29]}
{[%emt 00:00:08]} Qe7 {[%clk 01:30:19]} {[%emt 00:00:35]} 13. a4 {[%clk
01:32:08]} {[%emt 00:00:52]} a6 {[%clk 01:29:44]} {[%emt 00:01:05]} 14. Ke2
{[%clk 01:31:45]} {[%emt 00:00:53]} Rg8 {[%emt 00:01:44]} 15. Rg1 {[%emt
00:00:26]} O-O-O {[%clk 01:27:12]} {[%emt 00:00:51]} 16. Qf1 {[%clk 01:31:52]}
{[%emt 00:00:21]} Bg6 {[%clk 01:26:38]} {[%emt 00:01:05]} 17. Qh3+ {[%clk
01:32:12]} {[%emt 00:00:10]} Kb8 {[%clk 01:26:37]} {[%emt 00:00:31]} 18. a5
{[%clk 01:31:48]} {[%emt 00:00:56]} Ba7 {[%clk 01:26:42]} {[%emt 00:00:25]} 19.
Rab1 {[%clk 01:32:01]} {[%emt 00:00:17]} c6 {[%clk 01:25:57]} {[%emt 00:01:14]}
20. Ba2 {[%clk 01:31:32]} {[%emt 00:00:59]} d5 {[%clk 01:25:24]} {[%emt
00:01:02]} 21. exd5 {[%clk 01:31:52]} {[%emt 00:00:10]} cxd5 {[%clk 01:25:40]}
{[%emt 00:00:14]} 22. c4 {[%clk 01:30:36]} {[%emt 00:01:45]} dxc4 {[%clk
01:23:20]} {[%emt 00:02:51]} 23. Bxc4 {[%clk 01:28:22]} {[%emt 00:02:45]} Qd6
{[%clk 01:23:22]} {[%emt 00:00:28]} 24. Rb3 {[%clk 01:27:48]} {[%emt 00:01:04]}
Rd7 {[%clk 01:22:26]} {[%emt 00:01:26]} 25. Bxf6 {[%clk 01:27:33]} {[%emt
00:00:45]} Rc7 {[%clk 01:21:30]} {[%emt 00:01:26]} 26. Bh4 {[%clk 01:25:06]}
{[%emt 00:02:56]} Qc6 {[%clk 01:20:55]} {[%emt 00:01:06]} 27. Bg3 {[%clk
01:25:10]} {[%emt 00:00:27]} Bd4 {[%clk 01:20:06]} {[%emt 00:01:19]} 28. b5
{[%clk 01:18:33]} {[%emt 00:07:07]} Qc5 {[%clk 01:19:07]} {[%emt 00:01:29]} 29.
bxa6 {[%clk 01:17:19]} {[%emt 00:01:44]} Qxa5 {[%clk 01:18:02]} {[%emt
00:01:34]} 30. Rgb1 {[%clk 01:17:18]} {[%emt 00:00:31]} Bxd3+ {[%clk 01:14:34]}
{[%emt 00:03:59]} 31. Bxd3 {[%clk 01:17:03]} {[%emt 00:00:45]} Qa2+ {[%clk
01:14:16]} {[%emt 00:00:47]} 32. Kf1 {[%clk 01:16:45]} {[%emt 00:00:48]} Rc1+
{[%clk 01:14:01]} {[%emt 00:00:44]} 33. Rxc1 {[%clk 01:16:42]} {[%emt
00:00:34]} Qxb3 {[%clk 01:13:59]} {[%emt 00:00:33]} 34. Qxh7 {[%clk 01:16:50]}
{[%emt 00:00:22]} f6 {[%clk 01:10:46]} {[%emt 00:03:43]} 35. Rb1 {[%clk
01:17:01]} {[%emt 00:00:18]} Qd5 {[%clk 01:10:02]} {[%emt 00:01:15]} 36. Rxb7+
{[%emt 00:01:30]} Ka8 {[%clk 01:09:50]} {[%emt 00:00:42]} 37. Ra7+ {[%clk
01:16:16]} {[%emt 00:00:15]} Kb8 {[%clk 01:10:14]} {[%emt 00:00:06]} 38. Qc7#
{[%clk 01:16:38]} {[%emt 00:00:08]} 1-0

[Event "ODJM C 2024"]
[Site "Willingen GER"]
[Date "2024.05.19"]
[Round "2"]
[White "Wilke, Finja"]
[Black "Jamalli, Ali"]
[Result "1-0"]
[Termination "normal"]
[Board "20"]
[WhiteElo "1055"]
[BlackElo "1544"]
[WhiteClock "00:57:44"]
[BlackClock "00:30:19"]
[PlyCount "68"]
[WhiteFideId "16288360"]
[BlackFideId "34691464"]
[EventCountry "GER"]
[EventRounds "9"]
[EventType "swiss"]
[EventDate "2024.05.18"]

1. e4 {[%clk 01:30:58]} c5 {[%clk 01:30:54]} {[%emt 00:00:07]} 2. Nc3 {[%clk
01:28:10]} {[%emt 00:03:18]} d6 {[%clk 01:30:38]} {[%emt 00:00:46]} 3. Be2
{[%clk 01:26:37]} {[%emt 00:02:01]} Nc6 {[%clk 01:29:21]} {[%emt 00:01:49]} 4.
Nf3 {[%clk 01:23:54]} {[%emt 00:03:12]} g6 {[%clk 01:29:11]} {[%emt 00:00:40]}
5. O-O {[%clk 01:21:54]} {[%emt 00:02:29]} Nf6 {[%clk 01:28:42]} {[%emt
00:01:00]} 6. Bb5 {[%clk 01:19:39]} {[%emt 00:02:45]} Bd7 {[%clk 01:25:11]}
{[%emt 00:04:01]} 7. Bxc6 {[%clk 01:18:34]} {[%emt 00:01:35]} Bxc6 {[%clk
01:23:34]} {[%emt 00:02:08]} 8. d4 {[%clk 01:11:53]} {[%emt 00:07:10]} cxd4
{[%clk 01:23:36]} {[%emt 00:00:28]} 9. Qxd4 {[%clk 01:11:42]} {[%emt 00:00:39]}
Bg7 {[%clk 01:22:22]} {[%emt 00:01:46]} 10. Qc4 {[%clk 01:06:01]} {[%emt
00:06:10]} O-O {[%clk 01:21:49]} {[%emt 00:01:04]} 11. Nd5 {[%clk 01:06:03]}
{[%emt 00:00:28]} Nxd5 {[%clk 01:21:16]} {[%emt 00:01:03]} 12. exd5 {[%clk
01:05:05]} {[%emt 00:01:28]} Bd7 {[%clk 01:21:18]} {[%emt 00:00:29]} 13. c3
{[%clk 01:02:48]} {[%emt 00:02:46]} a6 {[%clk 01:20:46]} {[%emt 00:01:02]} 14.
Qh4 {[%clk 01:02:10]} {[%emt 00:00:49]} Rc8 {[%clk 01:18:34]} {[%emt 00:03:00]}
15. Bh6 {[%clk 01:01:49]} {[%emt 00:00:51]} Rc5 {[%clk 01:18:51]} {[%emt
00:00:14]} 16. Rad1 {[%clk 01:01:27]} {[%emt 00:00:49]} e6 {[%clk 01:17:00]}
{[%emt 00:02:23]} 17. Ng5 {[%clk 00:57:17]} {[%emt 00:04:38]} Qf6 {[%clk
01:08:39]} {[%emt 00:08:53]} 18. Rfe1 {[%clk 00:53:59]} {[%emt 00:03:47]} Rxd5
{[%clk 01:04:54]} {[%emt 00:04:16]} 19. Rxd5 {[%clk 00:51:39]} {[%emt
00:02:50]} exd5 {[%clk 01:03:59]} {[%emt 00:01:26]} 20. h3 {[%clk 00:46:21]}
{[%emt 00:05:47]} Bxh6 {[%clk 00:58:28]} {[%emt 00:06:02]} 21. Qxh6 {[%clk
00:46:27]} {[%emt 00:00:24]} Qg7 {[%clk 00:58:26]} {[%emt 00:00:33]} 22. Qh4
{[%clk 00:42:03]} {[%emt 00:04:51]} h6 {[%clk 00:56:55]} {[%emt 00:02:03]} 23.
Nf3 {[%clk 00:40:28]} {[%emt 00:02:04]} a5 {[%clk 00:48:38]} {[%emt 00:08:49]}
24. Qe7 {[%clk 00:39:58]} {[%emt 00:01:00]} Bc6 {[%clk 00:45:17]} {[%emt
00:03:52]} 25. Qxd6 {[%clk 00:40:04]} {[%emt 00:00:23]} Rc8 {[%clk 00:40:40]}
{[%emt 00:05:07]} 26. Re7 {[%clk 00:37:34]} {[%emt 00:02:59]} Qf8 {[%clk
00:38:16]} {[%emt 00:02:55]} 27. Ne5 {[%clk 00:35:40]} {[%emt 00:02:23]} Rd8
{[%clk 00:36:24]} {[%emt 00:02:23]} 28. Qf6 {[%clk 00:35:36]} {[%emt 00:00:33]}
Qg7 {[%clk 00:35:08]} {[%emt 00:01:47]} 29. Qf4 {[%clk 00:33:42]} {[%emt
00:02:21]} Rf8 {[%clk 00:33:14]} {[%emt 00:02:26]} 30. g4 {[%clk 00:32:34]}
{[%emt 00:01:37]} g5 {[%clk 00:31:24]} {[%emt 00:02:22]} 31. Qf5 {[%clk
00:30:39]} {[%emt 00:02:23]} Qh7 {[%clk 00:27:18]} {[%emt 00:04:38]} 32. Qf6
{[%clk 00:29:07]} {[%emt 00:01:59]} Qb1+ {[%clk 00:04:54]} {[%emt 00:22:56]}
33. Kg2 {[%clk 00:28:55]} {[%emt 00:00:42]} Qe4+ {[%clk 00:30:08]} {[%emt
00:05:17]} 34. Nf3 {[%clk 00:57:44]} {[%emt 00:01:39]} Qg6 {[%clk 00:30:19]}
{[%emt 00:00:20]} 1-0